Countries With The Most Stadiums - Statistics

General Stats
  • This quiz has been taken 38 times
  • The average score is 35 of 57
Answer Stats
Number Country % Correct
12 Argentina
97%
28 Brazil
97%
17 Germany
97%
9 Russia
97%
2 Chile
94%
51 China
94%
10 Mexico
94%
18 United Kingdom
94%
141 United States
94%
9 France
91%
29 India
91%
10 Australia
88%
4 Canada
88%
17 Japan
88%
7 Italy
84%
10 Spain
84%
4 Colombia
81%
3 Egypt
81%
9 Indonesia
81%
3 Portugal
81%
12 South Korea
81%
15 South Africa
78%
5 Peru
75%
5 Poland
72%
2 Saudi Arabia
72%
4 Iran
69%
2 Sweden
69%
7 Ireland
66%
4 Venezuela
66%
2 Netherlands
63%
3 Pakistan
63%
7 Turkey
63%
2 Nigeria
59%
6 Algeria
56%
2 Greece
56%
2 Iraq
56%
6 Morocco
53%
2 Paraguay
53%
3 Qatar
53%
3 Ukraine
50%
2 Uruguay
50%
2 Hungary
44%
9 Malaysia
44%
3 Vietnam
44%
4 Ecuador
38%
3 Ethiopia
34%
2 North Korea
34%
2 Tunisia
34%
2 Bulgaria
28%
3 Syria
28%
2 Libya
25%
2 Tanzania
25%
2 Ghana
16%
2 Zambia
16%
2 Mozambique
9%
2 Cambodia
3%
2 Gabon
0%
No matching quizzes found
Score Distribution
Percent of People with Each Score
Percentile by Number Answered
Your Score History
You have not taken this quiz